| 000 | 00440nam a2200169Ia 4500 | ||
|---|---|---|---|
| 003 | IN-BaIIA | ||
| 008 | 211028s9999 xx 000 0 eng d | ||
| 040 | _cIIA Library | ||
| 080 |
_a523.9 _bMEN |
||
| 100 |
_aMenzel, Donald H. _91294 |
||
| 245 | 0 |
_aOur Sun _cDonald H. Menzel |
|
| 260 |
_aLondon _bJ & A Churchill _c1949 |
||
| 300 | _aviii, 326p. | ||
| 650 | _aAstronomy and Astrophysics Thesaurus | ||
| 650 |
_aSun _91200 |
||
| 942 | _cBK | ||
| 999 |
_c580 _d580 |
||